500 Biggest Cities in the World on a Map - Statistics

General Stats
  • This quiz has been taken 63 times
  • The average score is 286 of 500
Answers on the Map
Answers color-coded by a green-red scale on the quiz's map according to % correct below.
 
Answer Stats
Country City Population % Correct
Spain Barcelona 4,875,000
96%
United States Dallas 7,800,000
96%
United States Denver 3,875,000
96%
United Kingdom London 15,100,000
96%
United States Los Angeles 17,100,000
96%
United Kingdom Manchester 6,100,000
96%
Mexico Mexico City 25,400,000
96%
United States Miami 6,300,000
96%
United States New York City 21,800,000
96%
United States Phoenix 4,950,000
96%
United States San Francisco 7,500,000
96%
United States Seattle 4,475,000
96%
United States Washington DC 8,650,000
96%
China Beijing 21,500,000
94%
Argentina Buenos Aires 16,800,000
94%
South Africa Cape Town 5,100,000
94%
United States Chicago 9,600,000
94%
United States Houston 7,200,000
94%
United States Las Vegas 2,375,000
94%
Spain Madrid 6,700,000
94%
France Paris 11,500,000
94%
United States Philadelphia 7,500,000
94%
Italy Rome 3,425,000
94%
United States Atlanta 6,150,000
92%
Thailand Bangkok 21,800,000
92%
Germany Berlin 4,700,000
92%
United States Boston 7,700,000
92%
Egypt Cairo 22,800,000
92%
United States Detroit 5,750,000
92%
South Africa Johannesburg 14,800,000
92%
Peru Lima 12,000,000
92%
Philippines Manila 27,800,000
92%
Australia Melbourne 5,200,000
92%
United States Melbourne 1,350,000
92%
Canada Montreal 4,500,000
92%
Russia Moscow 18,800,000
92%
Japan Osaka 17,700,000
92%
Brazil Rio de Janeiro 13,600,000
92%
Yemen Sana'a 3,275,000
92%
China Shanghai 41,600,000
92%
Japan Tokyo 41,200,000
92%
Canada Vancouver 3,175,000
92%
United States Austin 2,250,000
90%
Iraq Baghdad 7,800,000
90%
United Kingdom Birmingham 3,975,000
90%
Colombia Bogota 10,600,000
90%
Belgium Brussels 2,800,000
90%
Venezuela Caracas 3,850,000
90%
Denmark Copenhagen 1,800,000
90%
Ireland Dublin 1,550,000
90%
Germany Frankfurt 3,225,000
90%
Cuba Havana 2,150,000
90%
Türkiye Istanbul 16,000,000
90%
Ukraine Kyiv 3,475,000
90%
Italy Milan 6,150,000
90%
India New Delhi 35,700,000
90%
Haiti Port-au-Prince 3,050,000
90%
Russia Saint Petersburg 6,350,000
90%
Costa Rica San Jose 2,450,000
90%
Chile Santiago 8,400,000
90%
Dominican Republic Santo Domingo 3,900,000
90%
Brazil Sao Paulo 22,600,000
90%
Australia Sydney 5,150,000
90%
Canada Toronto 7,850,000
90%
Austria Vienna 2,375,000
90%
United Arab Emirates Abu Dhabi 1,850,000
88%
Ethiopia Addis Ababa 4,825,000
88%
Algeria Algiers 4,325,000
88%
Netherlands Amsterdam 2,575,000
88%
Greece Athens 3,575,000
88%
Brazil Brasilia 3,850,000
88%
United Arab Emirates Dubai 6,050,000
88%
United Kingdom Glasgow 1,710,000
88%
China Guangzhou 72,700,000
88%
Germany Hamburg 2,900,000
88%
Indonesia Jakarta 29,500,000
88%
Germany Munich 2,300,000
88%
Kenya Nairobi 6,900,000
88%
Italy Naples 4,050,000
88%
United States Orlando 3,875,000
88%
Norway Oslo 1,270,000
88%
Saudi Arabia Riyadh 7,700,000
88%
Brazil San Diego 3,200,000
88%
South Korea Seoul 25,200,000
88%
Singapore Singapore 8,000,000
88%
Sweden Stockholm 2,325,000
88%
Poland Warsaw 2,475,000
88%
Türkiye Ankara 5,250,000
86%
Serbia Belgrade 1,430,000
86%
Hungary Budapest 2,525,000
86%
Morocco Casablanca 4,450,000
86%
Senegal Dakar 4,225,000
86%
Finland Helsinki 1,560,000
86%
China Hong Kong 7,500,000
86%
Pakistan Islamabad 5,500,000
86%
Portugal Lisbon 2,500,000
86%
United States Minneapolis 3,225,000
86%
Canada Ottawa 1,390,000
86%
Panama Panama City 1,430,000
86%
Portugal Porto 1,550,000
86%
Czechia Prague 1,470,000
86%
Ecuador Quito 2,875,000
86%
Morocco Rabat 2,125,000
86%
United States San Antonio 2,400,000
86%
Iran Tehran 16,800,000
86%
Israel Tel Aviv 3,000,000
86%
Venezuela Valencia 2,100,000
86%
Spain Valencia 1,940,000
86%
Ghana Accra 6,800,000
84%
Egypt Alexandria 6,250,000
84%
Jordan Amman 6,150,000
84%
Romania Bucharest 2,225,000
84%
Mexico Guadalajara 5,950,000
84%
Vietnam Hanoi 7,350,000
84%
Vietnam Ho Chi Minh City 14,300,000
84%
United States Jacksonville 2,125,000
84%
Afghanistan Kabul 5,200,000
84%
Dem. Rep. of Congo Kinshasa 16,300,000
84%
France Lyon 2,050,000
84%
France Marseille 1,710,000
84%
Belarus Minsk 2,100,000
84%
India Mumbai 27,600,000
84%
United States Nashville 1,650,000
84%
Bulgaria Sofia 1,260,000
84%
Libya Tripoli 1,870,000
84%
Tunisia Tunis 2,725,000
84%
Switzerland Zurich 1,520,000
84%
Nigeria Abuja 3,050,000
82%
Congo Brazzaville 2,475,000
82%
Germany Cologne 10,900,000
82%
United States Columbus 1,830,000
82%
Syria Damascus 3,975,000
82%
Bangladesh Dhaka 23,100,000
82%
Pakistan Karachi 21,000,000
82%
India Kolkata 17,900,000
82%
Nigeria Lagos 21,300,000
82%
Bolivia La Paz 1,870,000
82%
China Lu'an 1,300,000
82%
United States Portland 2,425,000
82%
Taiwan Taipei 10,100,000
82%
United States Tampa 5,050,000
82%
Italy Turin 1,590,000
82%
China Wuhan 12,600,000
82%
New Zealanf Auckland 1,530,000
80%
Azerbaijan Baku 3,725,000
80%
Lebanon Beirut 1,930,000
80%
Tanzania Dar es Salaam 6,650,000
80%
Guatemala Guatemala City 3,375,000
80%
United States Indianapolis 2,100,000
80%
Nepal Kathmandu 3,175,000
80%
Malaysia Kuala Lumpur 9,550,000
80%
Kuwait Kuwait City 5,050,000
80%
United Kingdom Leeds 2,175,000
80%
Angola Luanda 9,650,000
80%
United States Milwaukee 1,490,000
80%
Uruguay Montevideo 1,810,000
80%
Netherlands Rotterdam 3,450,000
80%
United States St. Louis 2,325,000
80%
Australia Adelaide 1,450,000
78%
Belgium Antwerp 1,270,000
78%
Paraguay Asuncion 2,350,000
78%
India Bangalore 14,700,000
78%
United States Charlotte 2,650,000
78%
India Chennai 12,900,000
78%
Uganda Kampala 4,300,000
78%
United States Kansas City 2,075,000
78%
Sudan Khartoum 7,200,000
78%
Pakistan Lahore 14,600,000
78%
Saudi Arabia Mecca 2,675,000
78%
Colombia Medellin 4,350,000
78%
Somalia Mogadishu 2,250,000
78%
United States Pittsburgh 2,025,000
78%
United States Sacramento 2,125,000
78%
United States San Juan 1,910,000
78%
El Salvador San Salvador 1,580,000
78%
Uzbekistan Tashkent 3,850,000
78%
Ivory Coast Abidjan 7,050,000
76%
Australia Brisbane 3,450,000
76%
United States Cleveland 3,050,000
76%
India Hyderabad 11,700,000
76%
Pakistan Hyderabad 2,475,000
76%
Mexico Monterrey 6,150,000
76%
Oman Muscat 1,620,000
76%
Australia Perth 2,350,000
76%
United States Salt Lake City 2,650,000
76%
United Kingdom Sheffield 1,470,000
76%
Madagascar Antananarivo 3,150,000
74%
Kazakhstan Astana 1,600,000
74%
Brazil Belo Horizonte 5,300,000
74%
Canada Calgary 1,510,000
74%
Sri Lanka Colombo 4,975,000
74%
Qatar Doha 2,650,000
74%
Canada Edmonton 1,460,000
74%
Morocco Fez 1,310,000
74%
Sierra Leone Freetown 1,420,000
74%
Zimbabwe Harare 2,675,000
74%
Saudi Arabia Jeddah 3,950,000
74%
Rwanda Kigali 1,960,000
74%
United Kingdom Newcastle 1,470,000
74%
North Korea Pyongyang 3,025,000
74%
China Tianjin 11,700,000
74%
Mexico Tijuana 2,300,000
74%
China Xian 13,400,000
74%
South Korea Busan 3,975,000
72%
South Africa Durban 3,900,000
72%
Nicaragua Managua 1,400,000
72%
Brazil Manaus 2,275,000
72%
Unites States Raleigh 1,830,000
72%
Brazil Salvador 3,400,000
72%
Spain Seville 1,300,000
72%
Mongolia Ulaan Baatar 1,610,000
72%
Cameroon Yaounde 3,975,000
72%
Armenia Yerevan 1,520,000
72%
India Ahmedabad 9,900,000
70%
Syria Aleppo 1,980,000
70%
Mali Bamako 5,700,000
70%
China Chengdu 18,100,000
70%
United States Cincinnati 2,800,000
70%
Türkiye Izmir 3,025,000
70%
Brazil Recife 4,100,000
70%
Kazakhstan Almaty 2,700,000
68%
United States Buffalo 1,410,000
68%
Guinea Conakry 2,975,000
68%
Argentina Cordoba 1,810,000
68%
Ukraine Donetsk 1,390,000
68%
Japan Hiroshima 1,870,000
68%
Liberia Monrovia 1,940,000
68%
United Kingdom Nottingham 1,390,000
68%
Brazil Porto Alegre 3,950,000
68%
Georgia Tbilisi 1,430,000
68%
Honduras Tegucigalpa 1,220,000
68%
China Xiamen 15,400,000
68%
Myanmar Yangon 5,650,000
68%
Colombia Cali 2,975,000
66%
China Chongqing 12,900,000
66%
Palestine Gaza 2,275,000
66%
Ecuador Guayaquil 3,350,000
66%
Nigeria Kano 5,350,000
66%
Ukraine Kharkiv 1,580,000
66%
France Lille 1,320,000
66%
Zambia Lusaka 3,000,000
66%
Bahrain Manama 1,560,000
66%
Saudi Arabia Medina 1,530,000
66%
Japan Nagoya 10,500,000
66%
Mauritania Nouakchott 1,500,000
66%
Burkina Faso Ouagadougou 3,425,000
66%
Cambodia Phnom Penh 2,925,000
66%
Japan Sapporo 2,500,000
66%
Germany Stuttgart 2,300,000
66%
United States Virginia Beach 1,650,000
66%
Indonesia Jaipur 4,525,000
64%
Malawi Lilongwe 1,210,000
64%
Mozambique Maputo 2,575,000
64%
Chad N'Djamena 1,950,000
64%
Niger Niamey 1,530,000
64%
India Pune 8,000,000
64%
Central African Republic Bangui 1,680,000
62%
Mexico Ciudad Juarez 1,640,000
62%
Russia Kazan 1,560,000
62%
Togo Lome 2,625,000
62%
Germany Mannheim 1,550,000
62%
Russia Rostov-on-Don 1,390,000
62%
India Agra 2,625,000
60%
Colombia Barranquilla 2,375,000
60%
Kyrgyzstan Bishkek 1,540,000
60%
China Changsha 11,500,000
60%
Bangladesh Chittagong 5,050,000
60%
Ukraine Dnipro 1,320,000
60%
Tajikistan Dushanbe 1,270,000
60%
Poland Katowice 2,175,000
60%
Mexico Leon 2,300,000
60%
Kenya Mombasa 1,370,000
60%
China Nanking 9,500,000
60%
Russia Nizhny Novgorod 1,620,000
60%
Bolivia Santa Cruz 1,960,000
60%
China Urumqi 5,000,000
60%
Brazil Fortaleza 3,825,000
58%
Japan Fukuoka 2,850,000
58%
China Hangzhou 14,600,000
58%
Türkiye Bursa 2,200,000
56%
Brazil Curitiba 3,375,000
56%
China Harbin 5,500,000
56%
India Lucknow 4,225,000
56%
Venezuela Maracaibo 2,825,000
56%
Russia Novosibirsk 1,829,000
56%
Mexico Puebla 4,300,000
56%
Indonesia Surabaya 5,950,000
56%
Russia Yekaterinburg 1,810,000
56%
Philippines Cebu 2,800,000
54%
Iran Mashhad 3,475,000
54%
Indonesia Bandung 7,000,000
52%
Brazil Belem 2,200,000
52%
South Korea Daegu 2,725,000
52%
China Dalian 5,400,000
52%
Cameroon Douala 3,900,000
52%
Myanmar Mandalay 1,600,000
52%
Mexico Merida 1,390,000
52%
Algeria Oran 1,640,000
52%
South Africa Port Elizabeth 1,200,000
52%
China Qingdao 7,700,000
52%
India Surat 8,050,000
52%
Nigeria Benin City 1,790,000
50%
Nıgeria Ibadan 3,400,000
50%
Argentina Rosario 1,510,000
50%
Türkiye Adana 1,780,000
48%
Türkiye Antalya 1,400,000
48%
Iraq Basra 1,710,000
48%
Colombia Cartagena 1,250,000
48%
Benin Cotonou 2,150,000
48%
Pakistan Faisalabad 4,125,000
48%
Malaysia George Town 2,075,000
48%
Indonesia Medan 4,250,000
48%
Iraq Mosul 1,550,000
48%
China Nanning 5,500,000
48%
Russia Samara 1,350,000
48%
Morocco Tangier 1,410,000
48%
China Zhengzhou 10,300,000
48%
Russia Chelyabinsk 1,430,000
46%
Saudi Arabia Dammam 2,925,000
46%
Vietnam Da Nang 1,500,000
46%
Indonesia Denpasar 1,240,000
46%
China Fuzhou 4,775,000
46%
Honduras San Pedro Sula 1,330,000
46%
United States Stockton 1,280,000
46%
Brazil Campinas 3,250,000
44%
China Hefei 8,200,000
44%
India Kanpur 3,700,000
44%
Ghana Kumasi 2,900,000
44%
China Shantou 8,050,000
44%
Russia Krasnodar 1,370,000
42%
China Kunming 6,800,000
42%
Brazil Natal 1,360,000
42%
China Shenyang 8,800,000
42%
Russia Ufa 1,230,000
42%
Morocco Agadir 1,270,000
40%
India Bhopal 2,750,000
40%
Philippines Davao 1,710,000
40%
Türkiye Gaziantep 1,750,000
40%
India Indore 3,750,000
40%
China Jinan 6,750,000
40%
Dem. Rep. of Congo Lubumbashi 2,875,000
40%
India Nagpur 3,575,000
40%
China Ningbo 7,600,000
40%
Nigeria Port Harcourt 2,250,000
40%
Brazil Sao Luis 1,530,000
40%
Philippines Angeles 1,780,000
38%
Iraq Erbil 1,220,000
38%
Iran Shiraz 1,950,000
38%
United States Springfield 1,680,000
38%
Iran Tabriz 1,970,000
38%
Mexico Toluca 2,725,000
38%
China Wenzhou 7,000,000
38%
China Changchun 5,200,000
36%
Türkiye Konya 1,390,000
36%
China Lanzhou 3,575,000
36%
Japan Naha 1,250,000
36%
India Patna 2,950,000
36%
Iran Qom 1,450,000
36%
Mexico San Luis Potosi 1,410,000
36%
Nigeria Aba 1,280,000
34%
Brazil Goiania 2,525,000
34%
Indonesia Makassar 1,800,000
34%
South Korea Daejeon 1,510,000
32%
India Kochi 1,660,000
32%
Dem. Rep. of Congo Mbuji-Mayi 2,500,000
32%
Pakistan Multan 2,425,000
32%
Pakistan Quetta 1,720,000
32%
Brazil Santos 1,760,000
32%
Japan Sendai 1,510,000
32%
Taiwan Taichung 2,825,000
32%
China Taiyuan 6,150,000
32%
Brazil Vitoria 1,870,000
32%
China Zibo 3,975,000
32%
Peru Arequipa 1,210,000
30%
China Haikou 2,800,000
30%
China Huainan 1,880,000
30%
Pakistan Peshawar 2,150,000
30%
taiwan Tainan 1,360,000
30%
India Amritsar 1,520,000
28%
Venezuela Barquisimeto 1,360,000
28%
Thailand Chonburi 1,570,000
28%
Bolivia Cochabamba 1,280,000
28%
India Coimbatore 3,075,000
28%
Iran Esfahan 3,425,000
28%
Brazil Florianopolis 1,260,000
28%
China Jilin 1,610,000
28%
India Jodhpur 1,700,000
28%
Russia Krasnoyarsk 1,270,000
28%
Indonesia Palembang 1,790,000
28%
India Allahabad 1,580,000
26%
China Baotou 2,200,000
26%
China Guiyang 5,300,000
26%
Vietnam Haiphong 1,450,000
26%
Taiwan Kaohsiung 2,750,000
26%
Venezuela Maracay 1,480,000
26%
China Nanchang 5,150,000
26%
Congo Pointe-Noire 1,480,000
26%
China Shijiazhuang 6,450,000
26%
Kazakhstan Shymkent 1,370,000
26%
Indonesia Surakarta 1,690,000
26%
Angola Benguela 1,420,000
24%
South Korea Gwangju 1,630,000
24%
Nigeria Kaduna 1,980,000
24%
Dem. Rep. of Congo Kananga 1,370,000
24%
Japan Okayama 2,175,000
24%
Indonesia Semarang 2,125,000
24%
India Varanasi 2,125,000
24%
China Xuzhou 3,150,000
24%
India Bhilai 3,375,000
22%
Colombia Bucaramanga 1,380,000
22%
Pakistan Gujranwala 3,450,000
22%
China Hohhot 2,850,000
22%
China Linyi 4,650,000
22%
China Luzhou 1,340,000
22%
Mexico Queretaro 1,750,000
22%
China Wuhu 1,850,000
22%
Iran Ahwaz 1,550,000
20%
China Luoyang 3,750,000
20%
India Mysore 1,370,000
20%
Nigeria Onitsha 1,230,000
20%
India Rajkot 2,225,000
20%
Mexico Torreon 1,440,000
20%
India Visakhapatnam 2,475,000
20%
China Anshan 2,350,000
18%
China Datong 2,000,000
18%
China Guilin 1,830,000
18%
Dem. Rep. of Congo Kisangani 1,300,000
18%
Japan Kitakyushu 1,960,000
18%
Brazil Maceio 1,220,000
18%
India Meerut 1,930,000
18%
China Nanyang 1,680,000
18%
India Ranchi 1,630,000
18%
India Srinagar 1,810,000
18%
Senegal Touba 1,320,000
18%
China Weifang 3,325,000
18%
China Weihai 1,510,000
18%
China Yantai 2,550,000
18%
China Zhuhai 2,675,000
18%
China Daqing 1,860,000
16%
India Madurai 1,970,000
16%
Tanzania Mwanza 1,340,000
16%
China Nanchong 1,440,000
16%
China Nantong 3,475,000
16%
India Nashik 2,425,000
16%
China Taizhou 2,625,000
16%
China Taizhou 1,490,000
16%
China Tangshan 2,750,000
16%
China Xining 2,250,000
16%
India Asansol 1,750,000
14%
India Aurangabad 2,075,000
14%
China Baoding 2,225,000
14%
Indonesia Batam 1,260,000
14%
China Heze 1,570,000
14%
China Huai'an 1,940,000
14%
China Jining 1,880,000
14%
India Kota 1,620,000
14%
India Ludhiana 2,150,000
14%
India Moradabad 1,480,000
14%
India Vadodara 2,450,000
14%
China Xiangyang 1,800,000
14%
China Yangzhou 2,300,000
14%
China Yichang 1,390,000
14%
China Yinchuan 2,525,000
14%
India Gwalior 1,580,000
12%
China Kaifeng 1,340,000
12%
Bangladesh Khulna 1,210,000
12%
China Liuzhou 2,500,000
12%
China Maoming 1,440,000
12%
China Qingyuan 1,340,000
12%
China Shangrao 1,580,000
12%
China Tai'an 1,560,000
12%
India Vijayawada 2,350,000
12%
China Zhanjiang 1,890,000
12%
China Zunyi 2,025,000
12%
India Bareilly 1,510,000
10%
China Bengbu 2,000,000
10%
China Fuyang 1,410,000
10%
China Hengyang 1,250,000
10%
China Huzhou 1,750,000
10%
India Jabalpur 1,610,000
10%
India Jamshedpur 1,830,000
10%
China Jinzhou 1,240,000
10%
China Qinhuangdao 1,740,000
10%
China Yancheng 1,460,000
10%
China Zhangjiakou 1,450,000
10%
India Dhanbad 1,480,000
8%
India Gauhati 1,240,000
8%
Japan Hamamatsu 1,310,000
8%
China Jiaxing 2,275,000
8%
Indonesia Serang 1,230,000
8%
India Tiruchirappalli 1,320,000
8%
China Jinhua 1,590,000
6%
China Rizhao 1,270,000
6%
China Changde 1,230,000
4%
China Changzhi 1,250,000
4%
South Korea Cheongju 1,250,000
4%
China Jiaozuo 1,640,000
4%
China Liaocheng 1,240,000
4%
China Suqian 1,230,000
4%
China Dezhou 1,290,000
2%
No matching quizzes found
Score Distribution
Percent of People with Each Score
Percentile by Number Answered
Your Score History
You have not taken this quiz